Statistics for Top 20 NFL Defensive Players Ever

Click here to take the quiz!

General Stats

  • This quiz has been taken 54 times
    (41 since last reset)
  • The average score is 10 of 20

Answer Stats

PositionPlayer% Correct
OLBLawrence Taylor
94%
CBDeion Sanders
91%
LBRay Lewis
86%
EDGEReggie White
77%
SEd Reed
71%
SRonnie Lott
66%
STroy Polamalu
66%
DTAaron Donald
63%
CBDarrell Green
63%
EDGEBruce Smith
60%
DTMean Joe Greene
54%
CBDick Lane
43%
EDGEDeacon Jones
40%
CBMel Blount
37%
LBDick Butkus
31%
LBRay Nitschke
17%
DTBob Lilly
11%
EDGEGino Marchetti
11%
DTMerlin Olsen
11%
LBChuck Bednarik
9%

Score Distribution

Percentile by Number Answered

Percent of People with Each Score

Your Score History

You have not taken this quiz since the last reset